Szczegóły MARC21

Zeszyty Naukowe. Prace Instytutu Ekonomiki i Organizacji Przedsiębiorstw /

001 -Numer kontrolny rekordu [,]
    • @
    • pole kontrolne
    • cc99232782
005 -Data i czas ostatniej zmiany [,]
    • @
    • Data ostatniej zmiany
    • 20250611190751.0
022 -Międzynarodowy Znormalizowany Numer Wydawnictwa Ciągłego - ISSN [ , ]
    • a
    • International Standard Serial Number
    • 1232-5821
035 -Inne numery kontrolne [ , ]
    • a
    • Numer kontrolny
    • (OCoLC)68749637
040 -Instytucja sporządzająca opis [ , ]
    • a
    • Instytucja, która sporządziła opis (NP)
    • KR U/AK
    • c
    • Instytucja, która sporządziła rekord (NP)
    • KR U/AK
    • d
    • Instytucja, która zmodyfikowała rekord (P)
    • Ł U/MSs
041 -Język dokumentu [0, ]
    • a
    • Język tekstu (P)
    • polski
    • b
    • Język streszczeń(P)
    • eng
    • b
    • Język streszczeń(P)
    • ger
942 -Rodzaj dokumentu [ , ]
    • c
    • Rodzaj dokumentu
    • Wydaw. ciągłe w tym czasopisma
998 -Inne dane NUKAT [ , ]
    • a
    • Numer systemowy
    • vtls000035990
210 -Skrót tytułu [1, ]
    • a
    • Skrót tytułu
    • Zesz. Nauk. - Uniw. Szczec., Pr. Inst. Ekon. Organ. Przeds.
222 -Tytuł kluczowy [ ,0]
    • a
    • Tytuł kluczowy
    • Zeszyty Naukowe - Uniwersytet Szczecinski. Prace Instytutu Ekonomiki i Organizacji Przedsiębiorstw
245 -Strefa tytułu i oznaczenia odpowiedzialności [0,0]
    • a
    • Tytuł
    • Zeszyty Naukowe.
    • p
    • Nazwa części (P)
    • Prace Instytutu Ekonomiki i Organizacji Przedsiębiorstw /
    • c
    • Pozostałe elementy strefy tytułu i oznaczenia odpowiedzialności (NP)
    • Uniwersytet Szczeciński.
246 -Wariant tytułu [3,0]
    • a
    • Tytuł (NP)
    • Prace Instytutu Ekonomiki i Organizacji Przedsiębiorstw
246 -Wariant tytułu [3,6]
    • a
    • Tytuł (NP)
    • Zeszyty Naukowe Uniwersytetu Szczecińskiego.
    • p
    • Nazwa części (P)
    • Prace Instytutu Ekonomiki i Organizacji Przedsiębiorstw
260 -Strefa adresu wydawniczego [ , ]
    • a
    • Miejsce wydania (P)
    • Szczecin :
    • b
    • Nazwa wydawcy (P)
    • Wydaw. Nauk. US,
    • c
    • Data wydania (P)
    • 1994-.
830 -Hasło dodatkowe serii i opisu książki wielotomowej - tytuł ujednolicony/tytuł [ ,0]
    • a
    • Tytuł ujednolicony/tytuł (NP)
    • Zeszyty Naukowe - Uniwersytet Szczeciński
    • x
    • ISSN
    • 1640-6818
300 -Strefa opisu fizycznego [ , ]
    • c
    • Format (NP)
    • 24 cm.
310 -Częstotliwość [ , ]
    • a
    • Częstotliwość
    • Niereg.
336 -Typ zawartości [ , ]
    • a
    • Termin opisujący typ zawartości
    • Tekst
    • b
    • Typ/rodzaj nośnika
    • txt
    • 2
    • Źródło (termin i kod)
    • rdacontent
337 -Typ mediów [ , ]
    • a
    • Tryb odtwarzania
    • Bez urządzenia pośredniczącego
    • b
    • Kod typu mediów
    • n
    • 2
    • Źródło (termin i kod)
    • rdamedia
338 -Typ/rodzaj nośnika [ , ]
    • a
    • Hasło opisujące typ nośnika
    • Wolumin
    • b
    • Kod typu nośnika
    • nc
    • 2
    • Źródło (termin i kod)
    • rdacarrier
362 -Strefa numeracji [0, ]
    • a
    • Strefa numeracji
    • Nr 32-.
490 -Strefa serii i książki wielotomowej - forma nie do wyszukiwania [1, ]
    • a
    • Tytuł (P)
    • Zeszyty Naukowe / Uniwersytet Szczeciński
500 -Uwaga ogólna [ , ]
    • a
    • Uwaga ogólna (NP)
    • W zb. og. Zeszytów Naukowych t.32 oznaczony nr 127.
650 -Hasło przedmiotowe - nazwa pospolita [ ,7]
    • a
    • Hasło przedmiotowe
    • Ekonomika przedsiębiorstwa
    • x
    • Określnik rzeczowy
    • czasopisma.
650 -Hasło przedmiotowe - nazwa pospolita [ ,7]
    • a
    • Hasło przedmiotowe
    • Organizacja przedsiębiorstwa
710 -Hasło dodatkowe - nazwa ciała zbiorowego [2, ]
    • a
    • Nazwa ciała zbiorowego lub nazwa geograficzna jako pierwszy element (NP)
    • Uniwersytet Szczeciński.
780 -Tytuł poprzedni wydawnictwa [0,0]
    • t
    • Title
    • Zeszyty Naukowe. Prace Instytutu Ekonomiki Produkcji
    • g
    • Relationship information
    • nr 24-31(1986-1993)
    • x
    • International Standard Serial Number
    • 1230-3704
    • w
    • Record control number
    • (NUKAT)cc99232781
952 -Egzemplarz [ , ]
    • a
    • Numer inwentarzowy
    • Ec.52353
    • c
    • Sygnatura
    • Ec. 46235
    • d
    • Lokalizacja
    • BE Biblioteka Ekonomiczna
    • e
    • Akcesja
    • 07d319/1
    • i
    • Nr tomu wydaw.cg
    • Nr 49 (2007)
    • p
    • Kod kreskowy
    • 2003200523537
    • r
    • Cena
    • 32.00
    • v
    • Data wprowadzenia opisu
    • 2008-09-15
    • w
    • Data inwentaryzacji
    • 2008-10-15
    • y
    • Status udostępniania
    • Tylko na miejscu
    • z
    • Sposób nabycia
    • dary zwarte
952 -Egzemplarz [ , ]
    • a
    • Numer inwentarzowy
    • Cg.33089
    • c
    • Sygnatura
    • Cg.24497(Pdc)
    • d
    • Lokalizacja
    • BG Dział Udostępniania Biblioteka Główna
    • e
    • Akcesja
    • 07d186a/2
    • i
    • Nr tomu wydaw.cg
    • Nr 49 (2007)
    • p
    • Kod kreskowy
    • 2003000330892
    • r
    • Cena
    • 32.00
    • v
    • Data wprowadzenia opisu
    • 2007-03-23
    • w
    • Data inwentaryzacji
    • 2008-10-15
    • y
    • Status udostępniania
    • Tylko na miejscu
    • z
    • Sposób nabycia
    • dar WN US zwarte
952 -Egzemplarz [ , ]
    • a
    • Numer inwentarzowy
    • Tc.2480
    • c
    • Sygnatura
    • Tc.3/446
    • d
    • Lokalizacja
    • T Biblioteka Kampusowa Cukrowa EFZ
    • e
    • Akcesja
    • 07d186a/2
    • i
    • Nr tomu wydaw.cg
    • Nr 49 (2007)
    • p
    • Kod kreskowy
    • 2004200024802
    • r
    • Cena
    • 32.00
    • v
    • Data wprowadzenia opisu
    • 2007-03-23
    • w
    • Data inwentaryzacji
    • 2008-10-15
    • y
    • Status udostępniania
    • Nocne
    • z
    • Sposób nabycia
    • dar WN US zwarte
952 -Egzemplarz [ , ]
    • a
    • Numer inwentarzowy
    • S.92109
    • d
    • Lokalizacja
    • BE Biblioteka Ekonomiczna
    • e
    • Akcesja
    • 05d657/2
    • i
    • Nr tomu wydaw.cg
    • Nr 43 T.2 (2005)
    • p
    • Kod kreskowy
    • 2001100921095
    • r
    • Cena
    • 40.00
    • v
    • Data wprowadzenia opisu
    • 2011-03-21
    • w
    • Data inwentaryzacji
    • 2011-03-21
    • y
    • Status udostępniania
    • krótkoterminowe
    • z
    • Sposób nabycia
    • dary zwarte
952 -Egzemplarz [ , ]
    • a
    • Numer inwentarzowy
    • Ec.53410
    • c
    • Sygnatura
    • Ec.46235
    • d
    • Lokalizacja
    • BE Biblioteka Ekonomiczna
    • e
    • Akcesja
    • 10d716/1
    • i
    • Nr tomu wydaw.cg
    • Nr 43 T.2 (2005)
    • p
    • Kod kreskowy
    • 2003200534106
    • r
    • Cena
    • 20.00
    • v
    • Data wprowadzenia opisu
    • 2011-03-18
    • w
    • Data inwentaryzacji
    • 2011-03-25
    • y
    • Status udostępniania
    • Tylko na miejscu
    • z
    • Sposób nabycia
    • dary zwarte
952 -Egzemplarz [ , ]
    • a
    • Numer inwentarzowy
    • S.92108
    • d
    • Lokalizacja
    • BE Biblioteka Ekonomiczna
    • e
    • Akcesja
    • 05d657/1
    • i
    • Nr tomu wydaw.cg
    • Nr 43 T.1 (2005)
    • p
    • Kod kreskowy
    • 2001100921088
    • r
    • Cena
    • 50.00
    • v
    • Data wprowadzenia opisu
    • 2011-03-21
    • w
    • Data inwentaryzacji
    • 2011-03-21
    • y
    • Status udostępniania
    • krótkoterminowe
    • z
    • Sposób nabycia
    • dary zwarte
952 -Egzemplarz [ , ]
    • a
    • Numer inwentarzowy
    • Ec.53409
    • c
    • Sygnatura
    • Ec.46235
    • d
    • Lokalizacja
    • BE Biblioteka Ekonomiczna
    • e
    • Akcesja
    • 10d716/1
    • i
    • Nr tomu wydaw.cg
    • Nr 43 T.1 (2005)
    • p
    • Kod kreskowy
    • 2003200534090
    • r
    • Cena
    • 20.00
    • v
    • Data wprowadzenia opisu
    • 2011-03-18
    • w
    • Data inwentaryzacji
    • 2011-03-25
    • y
    • Status udostępniania
    • Tylko na miejscu
    • z
    • Sposób nabycia
    • dary zwarte
952 -Egzemplarz [ , ]
    • a
    • Numer inwentarzowy
    • Cg.32117
    • c
    • Sygnatura
    • Cg.24497(Pdc)
    • d
    • Lokalizacja
    • BG Dział Udostępniania Biblioteka Główna
    • e
    • Akcesja
    • 06d124/10
    • i
    • Nr tomu wydaw.cg
    • Nr 47 (2006)
    • p
    • Kod kreskowy
    • 2003000321173
    • r
    • Cena
    • 0.00
    • v
    • Data wprowadzenia opisu
    • 2016-12-21
    • y
    • Status udostępniania
    • Tylko na miejscu
952 -Egzemplarz [ , ]
    • a
    • Numer inwentarzowy
    • Cg.31690
    • c
    • Sygnatura
    • Cg.24497(Pdc)
    • d
    • Lokalizacja
    • BG Dział Udostępniania Biblioteka Główna
    • e
    • Akcesja
    • 05d222/16
    • i
    • Nr tomu wydaw.cg
    • Nr 42 (2005)
    • p
    • Kod kreskowy
    • 2003000316902
    • r
    • Cena
    • 0.00
    • v
    • Data wprowadzenia opisu
    • 2016-12-21
    • y
    • Status udostępniania
    • Tylko na miejscu
952 -Egzemplarz [ , ]
    • a
    • Numer inwentarzowy
    • Cg.30341
    • c
    • Sygnatura
    • Cg.24497(Pdc)
    • d
    • Lokalizacja
    • BG Dział Udostępniania Biblioteka Główna
    • i
    • Nr tomu wydaw.cg
    • Nr 41 (2003)
    • p
    • Kod kreskowy
    • 2003000303414
    • r
    • Cena
    • 0.00
    • v
    • Data wprowadzenia opisu
    • 2016-12-21
    • y
    • Status udostępniania
    • Tylko na miejscu
952 -Egzemplarz [ , ]
    • a
    • Numer inwentarzowy
    • Ec.50416
    • c
    • Sygnatura
    • Ec.46235
    • d
    • Lokalizacja
    • BE Biblioteka Ekonomiczna
    • i
    • Nr tomu wydaw.cg
    • Nr 41 (2003)
    • p
    • Kod kreskowy
    • 2003200504161
    • r
    • Cena
    • 0.00
    • y
    • Status udostępniania
    • Tylko na miejscu
952 -Egzemplarz [ , ]
    • a
    • Numer inwentarzowy
    • W.206836
    • d
    • Lokalizacja
    • BG Dział Udostępniania Biblioteka Główna
    • i
    • Nr tomu wydaw.cg
    • Nr 40 (2002)
    • p
    • Kod kreskowy
    • 2000102068364
    • r
    • Cena
    • 0.00
    • v
    • Data wprowadzenia opisu
    • 2016-11-10
    • y
    • Status udostępniania
    • miesięczne
952 -Egzemplarz [ , ]
    • a
    • Numer inwentarzowy
    • Cg.29686
    • c
    • Sygnatura
    • Cg.24497(Pdc)
    • d
    • Lokalizacja
    • BG Dział Udostępniania Biblioteka Główna
    • i
    • Nr tomu wydaw.cg
    • Nr 40 (2002)
    • p
    • Kod kreskowy
    • 2003000296860
    • r
    • Cena
    • 0.00
    • v
    • Data wprowadzenia opisu
    • 2016-12-21
    • y
    • Status udostępniania
    • Tylko na miejscu
952 -Egzemplarz [ , ]
    • a
    • Numer inwentarzowy
    • Ec.49678
    • c
    • Sygnatura
    • Ec.46235
    • d
    • Lokalizacja
    • BE Biblioteka Ekonomiczna
    • i
    • Nr tomu wydaw.cg
    • Nr 40 (2002)
    • p
    • Kod kreskowy
    • 2003200496787
    • r
    • Cena
    • 0.00
    • y
    • Status udostępniania
    • Tylko na miejscu
952 -Egzemplarz [ , ]
    • a
    • Numer inwentarzowy
    • W.206848
    • d
    • Lokalizacja
    • BG Dział Udostępniania Biblioteka Główna
    • i
    • Nr tomu wydaw.cg
    • Nr 39 (2001)
    • p
    • Kod kreskowy
    • 2000102068487
    • r
    • Cena
    • 0.00
    • v
    • Data wprowadzenia opisu
    • 2016-11-10
    • y
    • Status udostępniania
    • miesięczne
952 -Egzemplarz [ , ]
    • a
    • Numer inwentarzowy
    • Cg.29416
    • c
    • Sygnatura
    • Cg.24497(Pdc)
    • d
    • Lokalizacja
    • BG Dział Udostępniania Biblioteka Główna
    • i
    • Nr tomu wydaw.cg
    • Nr 39 (2001)
    • p
    • Kod kreskowy
    • 2003000294163
    • r
    • Cena
    • 0.00
    • v
    • Data wprowadzenia opisu
    • 2016-12-21
    • y
    • Status udostępniania
    • Tylko na miejscu
952 -Egzemplarz [ , ]
    • a
    • Numer inwentarzowy
    • Ec.49162
    • c
    • Sygnatura
    • Ec.46235
    • d
    • Lokalizacja
    • BE Biblioteka Ekonomiczna
    • i
    • Nr tomu wydaw.cg
    • Nr 39 (2001)
    • p
    • Kod kreskowy
    • 2003200491621
    • r
    • Cena
    • 0.00
    • y
    • Status udostępniania
    • Tylko na miejscu
952 -Egzemplarz [ , ]
    • c
    • Sygnatura
    • Tc.260
    • d
    • Lokalizacja
    • T Biblioteka Kampusowa Cukrowa EFZ
    • i
    • Nr tomu wydaw.cg
    • Nr 39 (2001)
    • y
    • Status udostępniania
    • Tylko na miejscu
952 -Egzemplarz [ , ]
    • a
    • Numer inwentarzowy
    • Cg.28700
    • c
    • Sygnatura
    • Cg.24497(Pdc)
    • d
    • Lokalizacja
    • BG Dział Udostępniania Biblioteka Główna
    • i
    • Nr tomu wydaw.cg
    • Nr 38 (2000)
    • p
    • Kod kreskowy
    • 2003000287004
    • r
    • Cena
    • 0.00
    • v
    • Data wprowadzenia opisu
    • 2016-12-21
    • y
    • Status udostępniania
    • Tylko na miejscu
952 -Egzemplarz [ , ]
    • a
    • Numer inwentarzowy
    • Ec.48515
    • c
    • Sygnatura
    • Ec.46235
    • d
    • Lokalizacja
    • BE Biblioteka Ekonomiczna
    • i
    • Nr tomu wydaw.cg
    • Nr 38 (2000)
    • p
    • Kod kreskowy
    • 2003200485156
    • r
    • Cena
    • 0.00
    • y
    • Status udostępniania
    • Tylko na miejscu
952 -Egzemplarz [ , ]
    • c
    • Sygnatura
    • Tc.260
    • d
    • Lokalizacja
    • T Biblioteka Kampusowa Cukrowa EFZ
    • i
    • Nr tomu wydaw.cg
    • Nr 38 (2000)
    • y
    • Status udostępniania
    • Tylko na miejscu
952 -Egzemplarz [ , ]
    • a
    • Numer inwentarzowy
    • Cg.27334
    • c
    • Sygnatura
    • Cg.24497(Pdc)
    • d
    • Lokalizacja
    • BG Dział Udostępniania Biblioteka Główna
    • i
    • Nr tomu wydaw.cg
    • Nr 35 (1997)
    • p
    • Kod kreskowy
    • 2003000273342
    • r
    • Cena
    • 0.00
    • y
    • Status udostępniania
    • Tylko na miejscu
952 -Egzemplarz [ , ]
    • a
    • Numer inwentarzowy
    • Ec.46795
    • c
    • Sygnatura
    • Ec.46235
    • d
    • Lokalizacja
    • BE Biblioteka Ekonomiczna
    • i
    • Nr tomu wydaw.cg
    • Nr 35 (1997)
    • p
    • Kod kreskowy
    • 2003200467954
    • r
    • Cena
    • 0.00
    • y
    • Status udostępniania
    • Tylko na miejscu
952 -Egzemplarz [ , ]
    • c
    • Sygnatura
    • Tc.260
    • d
    • Lokalizacja
    • T Biblioteka Kampusowa Cukrowa EFZ
    • i
    • Nr tomu wydaw.cg
    • Nr 35 (1997)
    • y
    • Status udostępniania
    • Tylko na miejscu
952 -Egzemplarz [ , ]
    • a
    • Numer inwentarzowy
    • Cg.26614
    • c
    • Sygnatura
    • Cg.24497(Pdc)
    • d
    • Lokalizacja
    • BG Dział Udostępniania Biblioteka Główna
    • i
    • Nr tomu wydaw.cg
    • Nr 34 (1996)
    • p
    • Kod kreskowy
    • 2003000266146
    • r
    • Cena
    • 0.00
    • y
    • Status udostępniania
    • Tylko na miejscu
952 -Egzemplarz [ , ]
    • a
    • Numer inwentarzowy
    • Ec.46235
    • c
    • Sygnatura
    • Ec.46235
    • d
    • Lokalizacja
    • BE Biblioteka Ekonomiczna
    • i
    • Nr tomu wydaw.cg
    • Nr 34 (1996)
    • p
    • Kod kreskowy
    • 2003200462355
    • r
    • Cena
    • 0.00
    • y
    • Status udostępniania
    • Tylko na miejscu
952 -Egzemplarz [ , ]
    • c
    • Sygnatura
    • Tc.260
    • d
    • Lokalizacja
    • T Biblioteka Kampusowa Cukrowa EFZ
    • i
    • Nr tomu wydaw.cg
    • Nr 34 (1996)
    • y
    • Status udostępniania
    • Tylko na miejscu
952 -Egzemplarz [ , ]
    • a
    • Numer inwentarzowy
    • Cg.27240
    • c
    • Sygnatura
    • Cg.24497(Pdc)
    • d
    • Lokalizacja
    • BG Dział Udostępniania Biblioteka Główna
    • i
    • Nr tomu wydaw.cg
    • Nr 36 (1998)
    • p
    • Kod kreskowy
    • 2003000272406
    • r
    • Cena
    • 0.00
    • y
    • Status udostępniania
    • Tylko na miejscu
952 -Egzemplarz [ , ]
    • a
    • Numer inwentarzowy
    • Ec.47070
    • c
    • Sygnatura
    • Ec.46235
    • d
    • Lokalizacja
    • BE Biblioteka Ekonomiczna
    • i
    • Nr tomu wydaw.cg
    • Nr 36 (1998)
    • p
    • Kod kreskowy
    • 2003200470701
    • r
    • Cena
    • 0.00
    • y
    • Status udostępniania
    • Tylko na miejscu
952 -Egzemplarz [ , ]
    • c
    • Sygnatura
    • Tc.260
    • d
    • Lokalizacja
    • T Biblioteka Kampusowa Cukrowa EFZ
    • i
    • Nr tomu wydaw.cg
    • Nr 36 (1998)
    • y
    • Status udostępniania
    • Tylko na miejscu
952 -Egzemplarz [ , ]
    • a
    • Numer inwentarzowy
    • Cg.26218
    • c
    • Sygnatura
    • Cg.24497(Pdc)
    • d
    • Lokalizacja
    • BG Dział Udostępniania Biblioteka Główna
    • i
    • Nr tomu wydaw.cg
    • Nr 33 (1995)
    • p
    • Kod kreskowy
    • 2003000262186
    • r
    • Cena
    • 0.00
    • y
    • Status udostępniania
    • Tylko na miejscu
952 -Egzemplarz [ , ]
    • a
    • Numer inwentarzowy
    • Ec.45434
    • c
    • Sygnatura
    • Ec.46235
    • d
    • Lokalizacja
    • BE Biblioteka Ekonomiczna
    • i
    • Nr tomu wydaw.cg
    • Nr 33 (1995)
    • p
    • Kod kreskowy
    • 2003200454343
    • r
    • Cena
    • 0.00
    • y
    • Status udostępniania
    • Tylko na miejscu
952 -Egzemplarz [ , ]
    • c
    • Sygnatura
    • Tc.260
    • d
    • Lokalizacja
    • T Biblioteka Kampusowa Cukrowa EFZ
    • i
    • Nr tomu wydaw.cg
    • Nr 33 (1995)
    • y
    • Status udostępniania
    • Tylko na miejscu
952 -Egzemplarz [ , ]
    • a
    • Numer inwentarzowy
    • Cg.25002
    • c
    • Sygnatura
    • Cg.24497(Pdc)
    • d
    • Lokalizacja
    • BG Dział Udostępniania Biblioteka Główna
    • i
    • Nr tomu wydaw.cg
    • Nr 32 (1994)
    • p
    • Kod kreskowy
    • 2003000250022
    • r
    • Cena
    • 0.00
    • v
    • Data wprowadzenia opisu
    • 2015-07-02
    • w
    • Data inwentaryzacji
    • 2015-07-02
    • y
    • Status udostępniania
    • Tylko na miejscu
952 -Egzemplarz [ , ]
    • c
    • Sygnatura
    • Tc.260
    • d
    • Lokalizacja
    • T Biblioteka Kampusowa Cukrowa EFZ
    • i
    • Nr tomu wydaw.cg
    • Nr 32 (1994)
    • y
    • Status udostępniania
    • Tylko na miejscu
952 -Egzemplarz [ , ]
    • a
    • Numer inwentarzowy
    • Cg.28109
    • c
    • Sygnatura
    • Cg.24497(Pdc)
    • d
    • Lokalizacja
    • BG Dział Udostępniania Biblioteka Główna
    • i
    • Nr tomu wydaw.cg
    • Nr 37 (1999)
    • p
    • Kod kreskowy
    • 2003000281095
    • r
    • Cena
    • 0.00
    • v
    • Data wprowadzenia opisu
    • 2016-12-21
    • y
    • Status udostępniania
    • Tylko na miejscu
952 -Egzemplarz [ , ]
    • a
    • Numer inwentarzowy
    • Tc.2514
    • c
    • Sygnatura
    • Tc.260
    • d
    • Lokalizacja
    • T Biblioteka Kampusowa Cukrowa EFZ
    • e
    • Akcesja
    • 08d596/5
    • i
    • Nr tomu wydaw.cg
    • Nr 37 (1999)
    • p
    • Kod kreskowy
    • 2004200025144
    • r
    • Cena
    • 15.00
    • v
    • Data wprowadzenia opisu
    • 2008-10-24
    • w
    • Data inwentaryzacji
    • 2009-02-27
    • y
    • Status udostępniania
    • Nocne
    • z
    • Sposób nabycia
    • dary zwarte
952 -Egzemplarz [ , ]
    • a
    • Numer inwentarzowy
    • Ec.47810
    • c
    • Sygnatura
    • Ec.46235
    • d
    • Lokalizacja
    • BE Biblioteka Ekonomiczna
    • i
    • Nr tomu wydaw.cg
    • Nr 37 (1999)
    • p
    • Kod kreskowy
    • 2003200478103
    • r
    • Cena
    • 0.00
    • y
    • Status udostępniania
    • Tylko na miejscu
952 -Egzemplarz [ , ]
    • a
    • Numer inwentarzowy
    • Ec.44069
    • c
    • Sygnatura
    • Ec.46235
    • d
    • Lokalizacja
    • BE Biblioteka Ekonomiczna
    • i
    • Nr tomu wydaw.cg
    • Nr 32 (1994)
    • p
    • Kod kreskowy
    • 2003200440698
    • r
    • Cena
    • 0.00
    • v
    • Data wprowadzenia opisu
    • 2025-05-26
    • y
    • Status udostępniania
    • Tylko na miejscu
952 -Egzemplarz [ , ]
    • a
    • Numer inwentarzowy
    • S.93225
    • d
    • Lokalizacja
    • BE Biblioteka Ekonomiczna
    • e
    • Akcesja
    • 07d752a/5
    • i
    • Nr tomu wydaw.cg
    • Nr 44 (2005)
    • p
    • Kod kreskowy
    • 2001100932251
    • r
    • Cena
    • 20.00
    • v
    • Data wprowadzenia opisu
    • 2008-09-29
    • w
    • Data inwentaryzacji
    • 2008-10-08
    • y
    • Status udostępniania
    • krótkoterminowe
    • z
    • Sposób nabycia
    • dary zwarte
952 -Egzemplarz [ , ]
    • a
    • Numer inwentarzowy
    • S.93226
    • d
    • Lokalizacja
    • BE Biblioteka Ekonomiczna
    • e
    • Akcesja
    • 07d752a/5
    • i
    • Nr tomu wydaw.cg
    • Nr 44 (2005)
    • p
    • Kod kreskowy
    • 2001100932268
    • r
    • Cena
    • 20.00
    • v
    • Data wprowadzenia opisu
    • 2008-09-29
    • w
    • Data inwentaryzacji
    • 2008-10-08
    • y
    • Status udostępniania
    • krótkoterminowe
    • z
    • Sposób nabycia
    • dary zwarte
952 -Egzemplarz [ , ]
    • a
    • Numer inwentarzowy
    • Ec.52339
    • c
    • Sygnatura
    • Ec.46235
    • d
    • Lokalizacja
    • BE Biblioteka Ekonomiczna
    • e
    • Akcesja
    • 07d752a/5
    • i
    • Nr tomu wydaw.cg
    • Nr 44 (2005)
    • p
    • Kod kreskowy
    • 2003200523391
    • r
    • Cena
    • 20.00
    • v
    • Data wprowadzenia opisu
    • 2008-05-05
    • w
    • Data inwentaryzacji
    • 2008-10-08
    • y
    • Status udostępniania
    • Tylko na miejscu
    • z
    • Sposób nabycia
    • dary zwarte
952 -Egzemplarz [ , ]
    • a
    • Numer inwentarzowy
    • S.93901
    • d
    • Lokalizacja
    • BE Biblioteka Ekonomiczna
    • e
    • Akcesja
    • 10d600/1
    • i
    • Nr tomu wydaw.cg
    • Nr 44 (2005)
    • p
    • Kod kreskowy
    • 2001100939014
    • r
    • Cena
    • 20.00
    • v
    • Data wprowadzenia opisu
    • 2010-10-28
    • w
    • Data inwentaryzacji
    • 2011-02-08
    • y
    • Status udostępniania
    • krótkoterminowe
    • z
    • Sposób nabycia
    • dary zwarte
952 -Egzemplarz [ , ]
    • a
    • Numer inwentarzowy
    • S.93900
    • d
    • Lokalizacja
    • BE Biblioteka Ekonomiczna
    • e
    • Akcesja
    • 10d600/1
    • i
    • Nr tomu wydaw.cg
    • Nr 44 (2005)
    • p
    • Kod kreskowy
    • 2001100939007
    • r
    • Cena
    • 20.00
    • v
    • Data wprowadzenia opisu
    • 2010-10-28
    • w
    • Data inwentaryzacji
    • 2011-02-08
    • y
    • Status udostępniania
    • krótkoterminowe
    • z
    • Sposób nabycia
    • dary zwarte
952 -Egzemplarz [ , ]
    • a
    • Numer inwentarzowy
    • S.93899
    • d
    • Lokalizacja
    • BE Biblioteka Ekonomiczna
    • e
    • Akcesja
    • 10d600/1
    • i
    • Nr tomu wydaw.cg
    • Nr 44 (2005)
    • p
    • Kod kreskowy
    • 2001100938994
    • r
    • Cena
    • 20.00
    • v
    • Data wprowadzenia opisu
    • 2010-10-28
    • w
    • Data inwentaryzacji
    • 2011-02-08
    • y
    • Status udostępniania
    • krótkoterminowe
    • z
    • Sposób nabycia
    • dary zwarte
952 -Egzemplarz [ , ]
    • a
    • Numer inwentarzowy
    • S.93228
    • d
    • Lokalizacja
    • BE Biblioteka Ekonomiczna
    • e
    • Akcesja
    • 07d752a/5
    • i
    • Nr tomu wydaw.cg
    • Nr 44 (2005)
    • p
    • Kod kreskowy
    • 2001100932282
    • r
    • Cena
    • 20.00
    • v
    • Data wprowadzenia opisu
    • 2008-09-29
    • w
    • Data inwentaryzacji
    • 2008-10-08
    • y
    • Status udostępniania
    • krótkoterminowe
    • z
    • Sposób nabycia
    • dary zwarte
952 -Egzemplarz [ , ]
    • a
    • Numer inwentarzowy
    • S.93227
    • d
    • Lokalizacja
    • BE Biblioteka Ekonomiczna
    • e
    • Akcesja
    • 07d752a/5
    • i
    • Nr tomu wydaw.cg
    • Nr 44 (2005)
    • p
    • Kod kreskowy
    • 2001100932275
    • r
    • Cena
    • 20.00
    • v
    • Data wprowadzenia opisu
    • 2008-09-29
    • w
    • Data inwentaryzacji
    • 2008-10-08
    • y
    • Status udostępniania
    • krótkoterminowe
    • z
    • Sposób nabycia
    • dary zwarte
952 -Egzemplarz [ , ]
    • a
    • Numer inwentarzowy
    • Cg.33989
    • c
    • Sygnatura
    • Cg.24497(Pdc)
    • d
    • Lokalizacja
    • BG Dział Udostępniania Biblioteka Główna
    • e
    • Akcesja
    • 10k220/1
    • i
    • Nr tomu wydaw.cg
    • Nr 44 (2005)
    • p
    • Kod kreskowy
    • 2003000339895
    • r
    • Cena
    • 11.70
    • v
    • Data wprowadzenia opisu
    • 2010-11-17
    • w
    • Data inwentaryzacji
    • 2011-02-07
    • y
    • Status udostępniania
    • Tylko na miejscu
    • z
    • Sposób nabycia
    • kupno zwarte
952 -Egzemplarz [ , ]
    • a
    • Numer inwentarzowy
    • GWc.12
    • b
    • Symbol oddziału pierwotnego
    • GWc - Bibl. Zamiejscowego Wydz. Społeczno-Ekonomicznego wyd.ciągłe
    • d
    • Lokalizacja
    • GWc - Bibl. Zamiejscowego Wydz. Społeczno-Ekonomicznego wyd.ciągłe
    • e
    • Akcesja
    • 16d013/11
    • p
    • Kod kreskowy
    • 2005700000129
    • r
    • Cena
    • 11.70
    • v
    • Data wprowadzenia opisu
    • 2016-01-21
    • w
    • Data inwentaryzacji
    • 2016-03-10
    • y
    • Status udostępniania
    • Tylko na miejscu
    • z
    • Sposób nabycia
    • dary zwarte
    • g
    • Ubytek
    • 1/2019 - 2019-03-08
952 -Egzemplarz [ , ]
    • a
    • Numer inwentarzowy
    • Ec.52351
    • c
    • Sygnatura
    • Ec. 46235
    • d
    • Lokalizacja
    • BE Biblioteka Ekonomiczna
    • e
    • Akcesja
    • 07d14a/4
    • i
    • Nr tomu wydaw.cg
    • Nr 48 t.2 (2006)
    • p
    • Kod kreskowy
    • 2003200523513
    • r
    • Cena
    • 60.00
    • v
    • Data wprowadzenia opisu
    • 2007-10-08
    • w
    • Data inwentaryzacji
    • 2008-10-15
    • y
    • Status udostępniania
    • Tylko na miejscu
    • z
    • Sposób nabycia
    • dary zwarte
952 -Egzemplarz [ , ]
    • a
    • Numer inwentarzowy
    • Cg.33991
    • c
    • Sygnatura
    • Cg.24497(Pdc)
    • d
    • Lokalizacja
    • BG Dział Udostępniania Biblioteka Główna
    • e
    • Akcesja
    • 10k220/3
    • i
    • Nr tomu wydaw.cg
    • Nr 48 t.2 (2006)
    • p
    • Kod kreskowy
    • 2003000339918
    • r
    • Cena
    • 35.55
    • v
    • Data wprowadzenia opisu
    • 2010-11-17
    • w
    • Data inwentaryzacji
    • 2011-02-07
    • y
    • Status udostępniania
    • Tylko na miejscu
    • z
    • Sposób nabycia
    • kupno zwarte
952 -Egzemplarz [ , ]
    • a
    • Numer inwentarzowy
    • GWc.48
    • b
    • Symbol oddziału pierwotnego
    • GWc - Bibl. Zamiejscowego Wydz. Społeczno-Ekonomicznego wyd.ciągłe
    • d
    • Lokalizacja
    • GWc - Bibl. Zamiejscowego Wydz. Społeczno-Ekonomicznego wyd.ciągłe
    • e
    • Akcesja
    • 16d026/8
    • p
    • Kod kreskowy
    • 2005700000488
    • r
    • Cena
    • 35.55
    • v
    • Data wprowadzenia opisu
    • 2016-01-28
    • w
    • Data inwentaryzacji
    • 2016-03-11
    • y
    • Status udostępniania
    • Tylko na miejscu
    • z
    • Sposób nabycia
    • dary zwarte
    • g
    • Ubytek
    • 1/2019 - 2019-03-08
952 -Egzemplarz [ , ]
    • a
    • Numer inwentarzowy
    • Ec.52350
    • c
    • Sygnatura
    • Ec. 46235
    • d
    • Lokalizacja
    • BE Biblioteka Ekonomiczna
    • e
    • Akcesja
    • 07d14a/3
    • i
    • Nr tomu wydaw.cg
    • Nr 48 t.1 (2006)
    • p
    • Kod kreskowy
    • 2003200523506
    • r
    • Cena
    • 60.00
    • v
    • Data wprowadzenia opisu
    • 2007-10-08
    • w
    • Data inwentaryzacji
    • 2008-10-15
    • y
    • Status udostępniania
    • Tylko na miejscu
    • z
    • Sposób nabycia
    • dary zwarte
952 -Egzemplarz [ , ]
    • a
    • Numer inwentarzowy
    • Cg.33990
    • c
    • Sygnatura
    • Cg.24497(Pdc)
    • d
    • Lokalizacja
    • BG Dział Udostępniania Biblioteka Główna
    • e
    • Akcesja
    • 10k220/3
    • i
    • Nr tomu wydaw.cg
    • Nr 48 t.1 (2006)
    • p
    • Kod kreskowy
    • 2003000339901
    • r
    • Cena
    • 35.55
    • v
    • Data wprowadzenia opisu
    • 2010-11-17
    • w
    • Data inwentaryzacji
    • 2011-02-07
    • y
    • Status udostępniania
    • Tylko na miejscu
    • z
    • Sposób nabycia
    • kupno zwarte
952 -Egzemplarz [ , ]
    • a
    • Numer inwentarzowy
    • GWc.47
    • b
    • Symbol oddziału pierwotnego
    • GWc - Bibl. Zamiejscowego Wydz. Społeczno-Ekonomicznego wyd.ciągłe
    • d
    • Lokalizacja
    • GWc - Bibl. Zamiejscowego Wydz. Społeczno-Ekonomicznego wyd.ciągłe
    • e
    • Akcesja
    • 16d026/7
    • p
    • Kod kreskowy
    • 2005700000471
    • r
    • Cena
    • 35.55
    • v
    • Data wprowadzenia opisu
    • 2016-01-28
    • w
    • Data inwentaryzacji
    • 2016-03-11
    • y
    • Status udostępniania
    • Tylko na miejscu
    • z
    • Sposób nabycia
    • dary zwarte
    • g
    • Ubytek
    • 1/2019 - 2019-03-08
952 -Egzemplarz [ , ]
    • a
    • Numer inwentarzowy
    • S.93197
    • d
    • Lokalizacja
    • BE Biblioteka Ekonomiczna
    • e
    • Akcesja
    • 06d8a/12
    • i
    • Nr tomu wydaw.cg
    • Nr 43 t.2 (2004)
    • p
    • Kod kreskowy
    • 2001100931971
    • r
    • Cena
    • 20.00
    • v
    • Data wprowadzenia opisu
    • 2008-04-21
    • w
    • Data inwentaryzacji
    • 2008-06-10
    • y
    • Status udostępniania
    • krótkoterminowe
    • z
    • Sposób nabycia
    • dary zwarte
952 -Egzemplarz [ , ]
    • a
    • Numer inwentarzowy
    • S.91354
    • d
    • Lokalizacja
    • BE Biblioteka Ekonomiczna
    • e
    • Akcesja
    • 04d443/2
    • i
    • Nr tomu wydaw.cg
    • Nr 43 t.2 (2004)
    • p
    • Kod kreskowy
    • 2001100913540
    • r
    • Cena
    • 20.00
    • v
    • Data wprowadzenia opisu
    • 2011-03-21
    • y
    • Status udostępniania
    • miesięczne
    • z
    • Sposób nabycia
    • dary zwarte
952 -Egzemplarz [ , ]
    • a
    • Numer inwentarzowy
    • S.91356
    • d
    • Lokalizacja
    • BE Biblioteka Ekonomiczna
    • e
    • Akcesja
    • 04d443/2
    • i
    • Nr tomu wydaw.cg
    • Nr 43 t.2 (2004)
    • p
    • Kod kreskowy
    • 2001100913564
    • r
    • Cena
    • 20.00
    • v
    • Data wprowadzenia opisu
    • 2011-03-21
    • y
    • Status udostępniania
    • miesięczne
    • z
    • Sposób nabycia
    • dary zwarte
952 -Egzemplarz [ , ]
    • a
    • Numer inwentarzowy
    • S.91358
    • d
    • Lokalizacja
    • BE Biblioteka Ekonomiczna
    • e
    • Akcesja
    • 04d443/2
    • i
    • Nr tomu wydaw.cg
    • Nr 43 t.2 (2004)
    • p
    • Kod kreskowy
    • 2001100913588
    • r
    • Cena
    • 20.00
    • v
    • Data wprowadzenia opisu
    • 2011-03-21
    • y
    • Status udostępniania
    • miesięczne
    • z
    • Sposób nabycia
    • dary zwarte
952 -Egzemplarz [ , ]
    • a
    • Numer inwentarzowy
    • Ec.50931
    • c
    • Sygnatura
    • Ec.46235
    • d
    • Lokalizacja
    • BE Biblioteka Ekonomiczna
    • e
    • Akcesja
    • 04d443/2
    • i
    • Nr tomu wydaw.cg
    • Nr 43 t.2 (2004)
    • p
    • Kod kreskowy
    • 2003200509319
    • r
    • Cena
    • 40.00
    • v
    • Data wprowadzenia opisu
    • 2011-06-15
    • w
    • Data inwentaryzacji
    • 2004-09-29
    • y
    • Status udostępniania
    • Tylko na miejscu
    • z
    • Sposób nabycia
    • dary zwarte
952 -Egzemplarz [ , ]
    • a
    • Numer inwentarzowy
    • S.92107
    • d
    • Lokalizacja
    • BE Biblioteka Ekonomiczna
    • e
    • Akcesja
    • 05d657/1
    • i
    • Nr tomu wydaw.cg
    • Nr 43 t.2 (2004)
    • p
    • Kod kreskowy
    • 2001100921071
    • r
    • Cena
    • 40.00
    • v
    • Data wprowadzenia opisu
    • 2018-05-07
    • y
    • Status udostępniania
    • krótkoterminowe
    • z
    • Sposób nabycia
    • dary zwarte
952 -Egzemplarz [ , ]
    • a
    • Numer inwentarzowy
    • Cg.31588
    • c
    • Sygnatura
    • Cg.24497(Pdc)
    • d
    • Lokalizacja
    • BG Dział Udostępniania Biblioteka Główna
    • e
    • Akcesja
    • 05d14/3
    • i
    • Nr tomu wydaw.cg
    • Nr 43 t.2 (2004)
    • p
    • Kod kreskowy
    • 2003000315882
    • r
    • Cena
    • 0.00
    • v
    • Data wprowadzenia opisu
    • 2016-12-21
    • y
    • Status udostępniania
    • Tylko na miejscu
952 -Egzemplarz [ , ]
    • a
    • Numer inwentarzowy
    • Tc.1631
    • c
    • Sygnatura
    • Tc.3/378
    • d
    • Lokalizacja
    • T Biblioteka Kampusowa Cukrowa EFZ
    • e
    • Akcesja
    • 04d646/5a
    • i
    • Nr tomu wydaw.cg
    • Nr 43 t.2 (2004)
    • p
    • Kod kreskowy
    • 2004200016319
    • r
    • Cena
    • 31.10
    • v
    • Data wprowadzenia opisu
    • 2011-03-21
    • y
    • Status udostępniania
    • Nocne
    • z
    • Sposób nabycia
    • dary zwarte
952 -Egzemplarz [ , ]
    • a
    • Numer inwentarzowy
    • S.94028
    • d
    • Lokalizacja
    • BE Biblioteka Ekonomiczna
    • e
    • Akcesja
    • 11d402a/3
    • p
    • Kod kreskowy
    • 2001100940287
    • r
    • Cena
    • 20.00
    • v
    • Data wprowadzenia opisu
    • 2011-06-21
    • w
    • Data inwentaryzacji
    • 2011-06-21
    • y
    • Status udostępniania
    • Zaginiona
    • z
    • Sposób nabycia
    • dary zwarte
    • g
    • Ubytek
    • 105/2026-03-31
952 -Egzemplarz [ , ]
    • a
    • Numer inwentarzowy
    • S.94332
    • d
    • Lokalizacja
    • BE Biblioteka Ekonomiczna
    • e
    • Akcesja
    • 12d495/4
    • p
    • Kod kreskowy
    • 2001100943325
    • r
    • Cena
    • 20.00
    • v
    • Data wprowadzenia opisu
    • 2012-10-23
    • w
    • Data inwentaryzacji
    • 2012-10-24
    • y
    • Status udostępniania
    • Zaginiona
    • z
    • Sposób nabycia
    • dary zwarte
    • g
    • Ubytek
    • 105/2026-03-31
952 -Egzemplarz [ , ]
    • a
    • Numer inwentarzowy
    • S.94026
    • d
    • Lokalizacja
    • BE Biblioteka Ekonomiczna
    • e
    • Akcesja
    • 11d402a/3
    • i
    • Nr tomu wydaw.cg
    • Nr 43 t.2 (2004)
    • p
    • Kod kreskowy
    • 2001100940263
    • r
    • Cena
    • 20.00
    • v
    • Data wprowadzenia opisu
    • 2011-06-21
    • w
    • Data inwentaryzacji
    • 2011-06-21
    • y
    • Status udostępniania
    • Zaginiona
    • z
    • Sposób nabycia
    • dary zwarte
    • g
    • Ubytek
    • 105/2026-03-31
952 -Egzemplarz [ , ]
    • a
    • Numer inwentarzowy
    • S.91353
    • d
    • Lokalizacja
    • BE Biblioteka Ekonomiczna
    • e
    • Akcesja
    • 04d443/1
    • i
    • Nr tomu wydaw.cg
    • Nr 43 t.1 (2004)
    • p
    • Kod kreskowy
    • 2001100913533
    • r
    • Cena
    • 25.00
    • v
    • Data wprowadzenia opisu
    • 2011-03-21
    • y
    • Status udostępniania
    • miesięczne
    • z
    • Sposób nabycia
    • dary zwarte
952 -Egzemplarz [ , ]
    • a
    • Numer inwentarzowy
    • S.91357
    • d
    • Lokalizacja
    • BE Biblioteka Ekonomiczna
    • e
    • Akcesja
    • 04d443/1
    • i
    • Nr tomu wydaw.cg
    • Nr 43 t.1 (2004)
    • p
    • Kod kreskowy
    • 2001100913571
    • r
    • Cena
    • 25.00
    • v
    • Data wprowadzenia opisu
    • 2011-03-21
    • w
    • Data inwentaryzacji
    • 2011-03-21
    • y
    • Status udostępniania
    • miesięczne
    • z
    • Sposób nabycia
    • dary zwarte
952 -Egzemplarz [ , ]
    • a
    • Numer inwentarzowy
    • Ec.50930
    • d
    • Lokalizacja
    • BE Biblioteka Ekonomiczna
    • e
    • Akcesja
    • 04d443/1
    • i
    • Nr tomu wydaw.cg
    • Nr 43 t.1 (2004)
    • p
    • Kod kreskowy
    • 2003200509302
    • r
    • Cena
    • 50.00
    • v
    • Data wprowadzenia opisu
    • 2011-06-15
    • w
    • Data inwentaryzacji
    • 2004-09-29
    • y
    • Status udostępniania
    • Tylko na miejscu
    • z
    • Sposób nabycia
    • dary zwarte
952 -Egzemplarz [ , ]
    • a
    • Numer inwentarzowy
    • S.91355
    • d
    • Lokalizacja
    • BE Biblioteka Ekonomiczna
    • e
    • Akcesja
    • 04d443/1
    • i
    • Nr tomu wydaw.cg
    • Nr 43 t.1 (2004)
    • p
    • Kod kreskowy
    • 2001100913557
    • r
    • Cena
    • 25.00
    • v
    • Data wprowadzenia opisu
    • 2011-03-21
    • y
    • Status udostępniania
    • miesięczne
    • z
    • Sposób nabycia
    • dary zwarte
952 -Egzemplarz [ , ]
    • a
    • Numer inwentarzowy
    • S.92106
    • d
    • Lokalizacja
    • BE Biblioteka Ekonomiczna
    • i
    • Nr tomu wydaw.cg
    • Nr 43 t.1 (2004)
    • p
    • Kod kreskowy
    • 2001100921064
    • r
    • Cena
    • 0.00
    • v
    • Data wprowadzenia opisu
    • 2022-02-14
    • y
    • Status udostępniania
    • miesięczne
952 -Egzemplarz [ , ]
    • a
    • Numer inwentarzowy
    • S.93196
    • d
    • Lokalizacja
    • BE Biblioteka Ekonomiczna
    • e
    • Akcesja
    • 06d8a/12
    • i
    • Nr tomu wydaw.cg
    • Nr 43 t.1 (2004)
    • p
    • Kod kreskowy
    • 2001100931964
    • r
    • Cena
    • 20.00
    • v
    • Data wprowadzenia opisu
    • 2007-07-19
    • w
    • Data inwentaryzacji
    • 2008-06-10
    • y
    • Status udostępniania
    • krótkoterminowe
    • z
    • Sposób nabycia
    • dary zwarte
952 -Egzemplarz [ , ]
    • a
    • Numer inwentarzowy
    • Cg.31587
    • c
    • Sygnatura
    • Cg.24497(Pdc)
    • d
    • Lokalizacja
    • BG Dział Udostępniania Biblioteka Główna
    • e
    • Akcesja
    • 05d14/3
    • i
    • Nr tomu wydaw.cg
    • Nr 43 t.1 (2004)
    • p
    • Kod kreskowy
    • 2003000315875
    • r
    • Cena
    • 0.00
    • v
    • Data wprowadzenia opisu
    • 2016-12-21
    • y
    • Status udostępniania
    • Tylko na miejscu
952 -Egzemplarz [ , ]
    • a
    • Numer inwentarzowy
    • Tc.1630
    • c
    • Sygnatura
    • Tc.3/378
    • d
    • Lokalizacja
    • T Biblioteka Kampusowa Cukrowa EFZ
    • e
    • Akcesja
    • 04d645/5
    • i
    • Nr tomu wydaw.cg
    • Nr 43 t.1 (2004)
    • p
    • Kod kreskowy
    • 2004200016302
    • r
    • Cena
    • 40.00
    • v
    • Data wprowadzenia opisu
    • 2011-03-22
    • y
    • Status udostępniania
    • Nocne
    • z
    • Sposób nabycia
    • dary zwarte
952 -Egzemplarz [ , ]
    • p
    • Kod kreskowy
    • 2001100940256
    • a
    • Numer inwentarzowy
    • S.94025
    • d
    • Lokalizacja
    • BE Biblioteka Ekonomiczna
    • e
    • Akcesja
    • 11d402a/2
    • r
    • Cena
    • 25.00
    • v
    • Data wprowadzenia opisu
    • 2011-06-15
    • w
    • Data inwentaryzacji
    • 2011-06-21
    • y
    • Status udostępniania
    • Zaginiona
    • z
    • Sposób nabycia
    • dary zwarte
    • g
    • Ubytek
    • 105/2026-03-31
952 -Egzemplarz [ , ]
    • a
    • Numer inwentarzowy
    • S.94027
    • d
    • Lokalizacja
    • BE Biblioteka Ekonomiczna
    • e
    • Akcesja
    • 11d402a/2
    • p
    • Kod kreskowy
    • 2001100940270
    • r
    • Cena
    • 25.00
    • v
    • Data wprowadzenia opisu
    • 2011-06-21
    • w
    • Data inwentaryzacji
    • 2011-06-21
    • y
    • Status udostępniania
    • Zaginiona
    • z
    • Sposób nabycia
    • dary zwarte
    • g
    • Ubytek
    • 105/2026-03-31
952 -Egzemplarz [ , ]
    • a
    • Numer inwentarzowy
    • Ec.52775
    • c
    • Sygnatura
    • Ec. 46235
    • d
    • Lokalizacja
    • BE Biblioteka Ekonomiczna
    • e
    • Akcesja
    • 09d554/2
    • i
    • Nr tomu wydaw.cg
    • Nr 50 t. 2 (2007)
    • p
    • Kod kreskowy
    • 2003200527757
    • r
    • Cena
    • 50.00
    • v
    • Data wprowadzenia opisu
    • 2009-09-16
    • w
    • Data inwentaryzacji
    • 2009-12-03
    • y
    • Status udostępniania
    • Tylko na miejscu
    • z
    • Sposób nabycia
    • dary zwarte
952 -Egzemplarz [ , ]
    • a
    • Numer inwentarzowy
    • Cg.33993
    • c
    • Sygnatura
    • Cg.24497(Pdc)
    • d
    • Lokalizacja
    • BG Dział Udostępniania Biblioteka Główna
    • e
    • Akcesja
    • 10k220/2
    • i
    • Nr tomu wydaw.cg
    • Nr 50 t.2 (2007)
    • p
    • Kod kreskowy
    • 2003000339932
    • r
    • Cena
    • 54.00
    • v
    • Data wprowadzenia opisu
    • 2010-11-17
    • w
    • Data inwentaryzacji
    • 2011-02-07
    • y
    • Status udostępniania
    • Tylko na miejscu
    • z
    • Sposób nabycia
    • kupno zwarte
952 -Egzemplarz [ , ]
    • a
    • Numer inwentarzowy
    • Tc.2506
    • c
    • Sygnatura
    • Tc.3/455 T.2
    • d
    • Lokalizacja
    • T Biblioteka Kampusowa Cukrowa EFZ
    • e
    • Akcesja
    • 08d122a/3
    • i
    • Nr tomu wydaw.cg
    • Nr 50 t. 2 (2007)
    • p
    • Kod kreskowy
    • 2004200025069
    • r
    • Cena
    • 50.00
    • v
    • Data wprowadzenia opisu
    • 2008-03-04
    • w
    • Data inwentaryzacji
    • 2009-02-04
    • y
    • Status udostępniania
    • Nocne
    • z
    • Sposób nabycia
    • dary zwarte
952 -Egzemplarz [ , ]
    • a
    • Numer inwentarzowy
    • S.92824
    • d
    • Lokalizacja
    • BE Biblioteka Ekonomiczna
    • e
    • Akcesja
    • 07d328/1
    • p
    • Kod kreskowy
    • 2001100928247
    • r
    • Cena
    • 50.00
    • v
    • Data wprowadzenia opisu
    • 2007-06-08
    • w
    • Data inwentaryzacji
    • 2007-06-13
    • y
    • Status udostępniania
    • Niedostępne
    • z
    • Sposób nabycia
    • dary zwarte
    • g
    • Ubytek
    • 96/2020 - 2020-01-13
952 -Egzemplarz [ , ]
    • p
    • Kod kreskowy
    • 2001100936440
    • a
    • Numer inwentarzowy
    • S.93644
    • d
    • Lokalizacja
    • BE Biblioteka Ekonomiczna
    • e
    • Akcesja
    • 09d663a/4
    • r
    • Cena
    • 50.00
    • v
    • Data wprowadzenia opisu
    • 2009-11-10
    • w
    • Data inwentaryzacji
    • 2010-02-05
    • y
    • Status udostępniania
    • krótkoterminowe
    • z
    • Sposób nabycia
    • dary zwarte
    • g
    • Ubytek
    • 98/2021 - 2021-03-12
952 -Egzemplarz [ , ]
    • p
    • Kod kreskowy
    • 2001100939816
    • a
    • Numer inwentarzowy
    • S.93981
    • d
    • Lokalizacja
    • BE Biblioteka Ekonomiczna
    • e
    • Akcesja
    • 10d725a/2
    • r
    • Cena
    • 50.00
    • v
    • Data wprowadzenia opisu
    • 2010-12-14
    • w
    • Data inwentaryzacji
    • 2011-04-15
    • y
    • Status udostępniania
    • Niedostępne
    • z
    • Sposób nabycia
    • dary zwarte
    • g
    • Ubytek
    • 96/2020 - 2020-01-13
952 -Egzemplarz [ , ]
    • a
    • Numer inwentarzowy
    • Ec.52774
    • c
    • Sygnatura
    • Ec. 46235
    • d
    • Lokalizacja
    • BE Biblioteka Ekonomiczna
    • e
    • Akcesja
    • 09d554/1
    • i
    • Nr tomu wydaw.cg
    • Nr 50 t. 1 (2007)
    • p
    • Kod kreskowy
    • 2003200527740
    • r
    • Cena
    • 50.00
    • v
    • Data wprowadzenia opisu
    • 2009-09-16
    • w
    • Data inwentaryzacji
    • 2009-12-03
    • y
    • Status udostępniania
    • Tylko na miejscu
    • z
    • Sposób nabycia
    • dary zwarte
952 -Egzemplarz [ , ]
    • a
    • Numer inwentarzowy
    • Cg.33992
    • c
    • Sygnatura
    • Cg.24497(Pdc)
    • d
    • Lokalizacja
    • BG Dział Udostępniania Biblioteka Główna
    • e
    • Akcesja
    • 10k220/2
    • i
    • Nr tomu wydaw.cg
    • Nr 50 t.1 (2007)
    • p
    • Kod kreskowy
    • 2003000339925
    • r
    • Cena
    • 54.00
    • v
    • Data wprowadzenia opisu
    • 2010-11-17
    • w
    • Data inwentaryzacji
    • 2011-02-07
    • y
    • Status udostępniania
    • Tylko na miejscu
    • z
    • Sposób nabycia
    • kupno zwarte
952 -Egzemplarz [ , ]
    • a
    • Numer inwentarzowy
    • Tc.2505
    • c
    • Sygnatura
    • Tc.3/455 T.1
    • d
    • Lokalizacja
    • T Biblioteka Kampusowa Cukrowa EFZ
    • e
    • Akcesja
    • 08d122a/3
    • i
    • Nr tomu wydaw.cg
    • Nr 50 t.1 (2007)
    • p
    • Kod kreskowy
    • 2004200025052
    • r
    • Cena
    • 50.00
    • v
    • Data wprowadzenia opisu
    • 2008-03-04
    • w
    • Data inwentaryzacji
    • 2009-02-04
    • y
    • Status udostępniania
    • Nocne
    • z
    • Sposób nabycia
    • dary zwarte
952 -Egzemplarz [ , ]
    • a
    • Numer inwentarzowy
    • S.92823
    • d
    • Lokalizacja
    • BE Biblioteka Ekonomiczna
    • e
    • Akcesja
    • 07d328/1
    • p
    • Kod kreskowy
    • 2001100928230
    • r
    • Cena
    • 50.00
    • v
    • Data wprowadzenia opisu
    • 2007-06-08
    • w
    • Data inwentaryzacji
    • 2007-06-13
    • y
    • Status udostępniania
    • Niedostępne
    • z
    • Sposób nabycia
    • dary zwarte
    • g
    • Ubytek
    • 96/2020 - 2020-01-13
952 -Egzemplarz [ , ]
    • p
    • Kod kreskowy
    • 2001100936433
    • a
    • Numer inwentarzowy
    • S.93643
    • d
    • Lokalizacja
    • BE Biblioteka Ekonomiczna
    • e
    • Akcesja
    • 09d663a/1
    • r
    • Cena
    • 50.00
    • v
    • Data wprowadzenia opisu
    • 2009-11-09
    • w
    • Data inwentaryzacji
    • 2010-02-05
    • y
    • Status udostępniania
    • Niedostępne
    • z
    • Sposób nabycia
    • dary zwarte
    • g
    • Ubytek
    • 96/2020 - 2020-01-13
952 -Egzemplarz [ , ]
    • p
    • Kod kreskowy
    • 2001100939809
    • a
    • Numer inwentarzowy
    • S.93980
    • d
    • Lokalizacja
    • BE Biblioteka Ekonomiczna
    • e
    • Akcesja
    • 10d725a/1
    • r
    • Cena
    • 50.00
    • v
    • Data wprowadzenia opisu
    • 2010-12-14
    • w
    • Data inwentaryzacji
    • 2011-04-15
    • y
    • Status udostępniania
    • krótkoterminowe
    • z
    • Sposób nabycia
    • dary zwarte
    • g
    • Ubytek
    • 98/2021 - 2021-03-12
952 -Egzemplarz [ , ]
    • c
    • Sygnatura
    • Tc.260
    • d
    • Lokalizacja
    • T Biblioteka Kampusowa Cukrowa EFZ
    • i
    • Nr tomu wydaw.cg
    • Nr 41 (2003)
    • y
    • Status udostępniania
    • Tylko na miejscu
952 -Egzemplarz [ , ]
    • c
    • Sygnatura
    • Tc.260
    • d
    • Lokalizacja
    • T Biblioteka Kampusowa Cukrowa EFZ
    • i
    • Nr tomu wydaw.cg
    • Nr 42 (2005)
    • y
    • Status udostępniania
    • Tylko na miejscu
952 -Egzemplarz [ , ]
    • a
    • Numer inwentarzowy
    • Ec.51664
    • c
    • Sygnatura
    • Ec.46235
    • d
    • Lokalizacja
    • BE Biblioteka Ekonomiczna
    • i
    • Nr tomu wydaw.cg
    • Nr 47 (2006)
    • p
    • Kod kreskowy
    • 2003200516645
    • r
    • Cena
    • 0.00
    • y
    • Status udostępniania
    • Tylko na miejscu
952 -Egzemplarz [ , ]
    • c
    • Sygnatura
    • Tc.260
    • d
    • Lokalizacja
    • T Biblioteka Kampusowa Cukrowa EFZ
    • i
    • Nr tomu wydaw.cg
    • Nr 47 (2006)
    • y
    • Status udostępniania
    • Tylko na miejscu
Uwagi dla czytelnika
Rozwój i funkcjonowanie przedsiębiorstw
Rozwój i funkcjonowanie przedsiębiorstw
Rozwój i funkcjonowanie przedsiębiorstw
Strategie wzrostu wartości przedsiębiorstwa
Strategie wzrostu wartości przedsiębiorstwa
Strategie wzrostu wartości przedsiębiorstwa
Strategie wzrostu wartości przedsiębiorstwa
Strategie przedsiębiorstw w procesie transformacji
Innowacje, ryzyko, zarządzanie wiedzą, strategie przedsiębiorstw
Innowacyjność, struktury, modele i strategie rozwoju przedsiębiorstw
Innowacyjność, struktury, modele i strategie rozwoju przedsiębiorstw
Modele, kapitał i miary efektywności przedsiębiorstw
Modele, kapitał i miary efektywności przedsiębiorstw
Modele, kapitał i miary efektywności przedsiębiorstw
Strategie, struktury, modele i miary efektywności przedsiębiorstw
Strategie, struktury, modele i miary efektywności przedsiębiorstw
Strategie, struktury, modele i miary efektywności przedsiębiorstw
Strategie, struktury, modele i miary efektywności przedsiębiorstw
Strategie, struktury i miary efektywności przedsiębiorstw
Strategie, struktury i miary efektywności przedsiębiorstw
Strategie, struktury i miary efektywności przedsiębiorstw
Strategie zachowań przedsiębiorstw
Strategie zachowań przedsiębiorstw
Strategie zachowań przedsiębiorstw
Przedsiębiorstwo w procesie transformacji
Przedsiębiorstwo w procesie transformacji
Przedsiębiorstwo w procesie transformacji
Strategie, modele i miary efektywności przedsiębiorstwa
Strategie, modele i miary efektywności przedsiębiorstwa
Strategie, modele i miary efektywności przedsiębiorstwa
Gospodarowanie w procesie transformacji
Gospodarowanie w procesie transformacji
Gospodarowanie w procesie transformacji
Przedsiębiorstwo w gospodarce rynkowej
Przedsiębiorstwo w gospodarce rynkowej
Zarządzanie przedsiębiorstwami
Zarządzanie przedsiębiorstwami
Zarządzanie przedsiębiorstwami
Przedsiębiorstwo w gospodarce rynkowej
Problemy przekształceń własnościowych polskich przedsiębiorstw
Problemy przekształceń własnościowych polskich przedsiębiorstw
Problemy przekształceń własnościowych polskich przedsiębiorstw
Problemy przekształceń własnościowych polskich przedsiębiorstw
Problemy przekształceń własnościowych polskich przedsiębiorstw
Problemy przekształceń własnościowych polskich przedsiębiorstw
Problemy przekształceń własnościowych polskich przedsiębiorstw
Problemy przekształceń własnościowych polskich przedsiębiorstw
Problemy przekształceń własnościowych polskich przedsiębiorstw
Strategie wzrostu wartości przedsiębiorstwa
Strategie wzrostu wartości przedsiębiorstwa
Strategie wzrostu wartości przedsiębiorstwa
Strategie wzrostu wartości przedsiębiorstwa
Strategie wzrostu wartości przedsiębiorstwa
Strategie wzrostu wartości przedsiębiorstwa
Strategie wzrostu wartości przedsiębiorstwa
Strategie wzrostu wartości przedsiębiorstwa
Strategie wzrostu wartości przedsiębiorstwa
Strategie wzrostu wartości przedsiębiorstwa
Strategie wzrostu wartości przedsiębiorstwa
Strategie wzrostu wartości przedsiębiorstwa
Strategie wzrostu wartości przedsiębiorstwa
Strategie wzrostu wartości przedsiębiorstwa :
Strategie wzrostu wartości przedsiębiorstwa :
Strategie wzrostu wartości przedsiębiorstwa :
Strategie wzrostu wartości przedsiębiorstwa :
Strategie wzrostu wartości przedsiębiorstwa :
Strategie wzrostu wartości przedsiębiorstwa
Strategie wzrostu wartości przedsiębiorstwa :
Strategie wzrostu wartości przedsiębiorstwa
Zarządzanie finansami
Zarządzanie finansami
Zarządzanie finansami
Zarządzanie finansami
Zarządzanie finansami
Zarządzanie finansami
Innowacyjność, struktury, modele i strategie rozwoju przedsiębiorstw
Innowacje, ryzyko, zarządzanie wiedzą, strategie przedsiębiorstw
Strategie przedsiębiorstw w procesie transformacji
Strategie przedsiębiorstw w procesie transformacji / [